|
|
|
|
| LEADER |
01931cas a2200313 a 4500 |
| 001 |
AALejournalIMF022073 |
| 008 |
230101c9999 xx r poo 0 0eng d |
| 020 |
|
|
|c 5.00 USD
|
| 020 |
|
|
|z 9781484374979
|
| 022 |
|
|
|a 1018-5941
|
| 040 |
|
|
|a BD-DhAAL
|c BD-DhAAL
|
| 100 |
1 |
|
|a Peralta-Alva, Adrian.
|
| 245 |
1 |
0 |
|a Technology and the Future of Work /
|c Adrian Peralta-Alva, Agustin Roitman.
|
| 264 |
|
1 |
|a Washington, D.C. :
|b International Monetary Fund,
|c 2018.
|
| 300 |
|
|
|a 1 online resource (28 pages)
|
| 490 |
1 |
|
|a IMF Working Papers
|
| 500 |
|
|
|a <strong>Off-Campus Access:</strong> No User ID or Password Required
|
| 500 |
|
|
|a <strong>On-Campus Access:</strong> No User ID or Password Required
|
| 506 |
|
|
|a Electronic access restricted to authorized BRAC University faculty, staff and students
|
| 520 |
3 |
|
|a This paper uses a DSGE model to simulate the impact of technological change on labor markets and income distribution. It finds that technological advances offers prospects for stronger productivity and growth, but brings risks of increased income polarization. This calls for inclusive policies tailored to country-specific circumstances and preferences, such as investment in human capital to facilitate retooling of low-skilled workers so that they can partake in the gains of technological change, and redistributive policies (such as differentiated income tax cuts) to help reallocate gains. Policies are also needed to facilitate the process of adjustment.
|
| 538 |
|
|
|a Mode of access: Internet
|
| 650 |
|
7 |
|a Aggregate Human Capital
|2 imf
|
| 650 |
|
7 |
|a Employment
|2 imf
|
| 650 |
|
7 |
|a Intergenerational Income Distribution
|2 imf
|
| 650 |
|
7 |
|a Unemployment
|2 imf
|
| 650 |
|
7 |
|a Wages
|2 imf
|
| 700 |
1 |
|
|a Roitman, Agustin.
|
| 830 |
|
0 |
|a IMF Working Papers; Working Paper ;
|v No. 2018/207
|
| 856 |
4 |
0 |
|z Full text available on IMF
|u http://elibrary.imf.org/view/journals/001/2018/207/001.2018.issue-207-en.xml
|z IMF e-Library
|